Car models starting with T by pictures - Statistics

General Stats
  • This quiz has been taken 39 times
  • The average score is 6 of 10
Answer Stats
Picture Hint Answer % Correct
Volkswagen Tiguan
71%
Toyota Tacoma
66%
Chevrolet Tahoe
66%
Porsche Taycan
66%
Renault Twingo
63%
Volkswagen Transporter
57%
Ford Thunderbird
51%
Opel Tigra
49%
Alfa Romeo Tonale
37%
Nissan Tiida
26%
No matching quizzes found
Score Distribution
Percent of People with Each Score
Percentile by Number Answered
Your Score History
You have not taken this quiz